000
00195 a2200097 4500
001
48327
100
_a
Muhammad Mya Sid
245
_a
260
_a
London
_b
Harper Row
_c
090
_c
31274
_d
31274
942
_a
NUST-CAE
_c
M
_c
23641
999
_c
283400
_d
283400